00678nam a22001457a 4500999001500000008004100015245008400056260005800140300003100198650001500229942001500244952009100259952009100350952009100441 c6959d6959200408b ||||| |||| 00| 0 eng d aTanzania in Figures 2008/cMinistry of Finance and Economic Affairs.-hEnglish. aDar Es Salaam:bNational Bureau of Statistics,c2009. aiii, 44p;bTables,c15cm.- 2STATISTICS 2ddccBOOKS 00102ddc4070a3000b3000d2020-04-08l0p10000002674r2020-04-08w2020-04-08yBOOKS 00102ddc4070a3000b3000d2020-04-08l0p10000002675r2020-04-08w2020-04-08yBOOKS 00102ddc4070a3000b3000d2020-04-08l0p10000002676r2020-04-08w2020-04-08yBOOKS